Zborník prác venovaných 80. narodeninám prof. MUDr. G. Čierneho, DrSc.

Bibliographic Details
Other Authors: Beňuška, Jozef, 1939- (Editor), Holomáňová, Anna, 1940- (Editor), Mentel, Jozef, 1939- (Editor)
Format: Book
Language:Slovak
Czech
PhysicalDescription:160 s. fotogr., grafy, ilustr., tab. 29 cm
Published: Bratislava Asklepios 2004
ISBN:8071670715 (viaz.)
Edition:[1. vyd.]
Subjects:

MARC

LEADER 00000nam a2200000 a 4500
001 vtls008703100
003 SK-MaSNL
005 20260426002127.0
008 171219s2004 xo odalf 100 0 slo
015 |a SNBA2006/07-03749 
020 |a 8071670715 (viaz.) 
035 |a A3D198FF-E218-47F8-8DA1-35978A4FC42A 
035 |a urn:nbn:sk:snk-amybm8 
035 |a urn:nbn:sk:snk-am00ce49 
040 |a SNK  |b slo  |c SNK  |e AACR2 
041 0 |a slo  |a cze  |b cze  |b eng  |b slo 
044 |a xo  |c SK 
072 7 |a 611  |x Anatómia človeka a porovnávacia anatómia  |2 konspekt 
080 |a 611  |2 2001 
080 |a (063)  |2 2001 
080 |a 616:611  |2 2001 
245 0 0 |a Zborník prác venovaných 80. narodeninám prof. MUDr. G. Čierneho, DrSc.  |c [editori: J. Beňuška, A. Holomáňová, J. Mentel] 
250 |a [1. vyd.] 
260 |a Bratislava  |b Asklepios  |c 2004 
300 |a 160 s.  |b fotogr., grafy, ilustr., tab.  |c 29 cm 
504 |a Bibliogr. odkazy. 
546 |a Čiast. text čes. Res. angl., čes., slov. 
650 0 7 |a anatómia človeka  |2 SNKPH  |9 711 
650 0 7 |a klinická anatómia  |2 SNKPH  |9 82203 
655 7 |a zborníky konferencií  |2 SNKPH  |9 70153 
700 1 |a Beňuška, Jozef,  |d 1939-  |4 edt  |9 209025 
700 1 |a Holomáňová, Anna,  |d 1940-  |4 edt  |9 202772 
700 1 |a Mentel, Jozef,  |d 1939-  |4 edt  |9 87309 
919 |a 80-7167-071-5 
958 |a ART 
999 |c 910482  |d 912412 
952 |a SNK  |b SNK  |y PREZ  |7 0  |p 17A0511251  |o snkSB 72323  |i snk2006/10349  |8 0  |0 0  |1 0  |4 0  |d 2006-05-23  |f 1  |l 0  |r 2025-04-25 00:00:00  |w 2026-02-24 
952 |a SNK  |b SNK  |y VYP  |7 0  |p 17A0511252  |o snkSB 72323 D1  |i snk2006/10350  |8 0  |0 0  |1 0  |4 0  |d 2006-05-23  |l 0  |r 2016-06-30 00:00:00  |w 2026-02-24